Bermuda National Trust (Record no. 120002)
[ view plain ]
| 000 -LEADER | |
|---|---|
| fixed length control field | 00742cam a2200181 4500 |
| 001 - CONTROL NUMBER | |
| control field | WS116505 |
| 008 - FIXED-LENGTH DATA ELEMENTS--GENERAL INFORMATION | |
| fixed length control field | 020128n 000 0 eng u |
| 035 ## - SYSTEM CONTROL NUMBER | |
| System control number | (Sirsi) u116505 |
| 245 ## - TITLE STATEMENT | |
| Title | Bermuda National Trust |
| 520 ## - SUMMARY, ETC. | |
| Summary, etc. | Web site for this organisation concerned with the historic environment of Bermuda. Includes a list of properties, news pages and details of letters of objection submitted to the Development Applications Board. |
| 650 ## - SUBJECT ADDED ENTRY--TOPICAL TERM | |
| Topical term or geographic name entry element | BERMUDA |
| 650 ## - SUBJECT ADDED ENTRY--TOPICAL TERM | |
| Topical term or geographic name entry element | ORGANISATION |
| 650 ## - SUBJECT ADDED ENTRY--TOPICAL TERM | |
| Topical term or geographic name entry element | INTERNATIONAL |
| 650 ## - SUBJECT ADDED ENTRY--TOPICAL TERM | |
| Topical term or geographic name entry element | HISTORICAL BUILDINGS |
| 690 ## - LOCAL SUBJECT ADDED ENTRY--TOPICAL TERM (OCLC, RLIN) | |
| Topical term or geographic name as entry element | BUILT ENVIRONMENT-BUILDING MAINTENANCE AND REFURBISHMENT-BUILDING CONSERVATION |
| 856 40 - ELECTRONIC LOCATION AND ACCESS | |
| Uniform Resource Identifier | <a href="https://www.bnt.bm">https://www.bnt.bm</a> |
| Public note | View the website free of charge at www.bnt.bm... |
| 942 ## - ADDED ENTRY ELEMENTS (KOHA) | |
| Suppress in OPAC | 0 |
| Withdrawn status | Lost status | Source of classification or shelving scheme | Damaged status | Not for loan | Home library | Current library | Shelving location | Date acquired | Total Checkouts | Full call number | Barcode | Date last seen | Copy number | Price effective from | Koha item type |
|---|---|---|---|---|---|---|---|---|---|---|---|---|---|---|---|
| Dewey Decimal Classification | Virtual | Virtual | Online | 28/01/2002 | WEB SITE | 116505-2001 | 06/08/2019 | 1 | 06/08/2019 | Online material |